[Event "Liepajas Rokade"]
[Site "Liepaja LAT"]
[Date "2006.08.05"]
[Round "9"]
[White "Georgiev,Ki"]
[Black "Miezis,N"]
[Result "1-0"]
[WhiteElo "2685"]
[BlackElo "2527"]
[EventDate "2006.08.04"]

1. d4 Nf6 2. c4 e6 3. Nf3 Bb4+ 4. Bd2 Qe7 5. g3 b6 6. Bg2 Bb7 7. O-O O-O 8.
Nc3 Bxc3 9. Bxc3 Ne4 10. Rc1 c5 11. Qc2 f5 12. Rfd1 cxd4 13. Nxd4 Nc6 14.
e3 Nxc3 15. Qxc3 Nxd4 16. Rxd4 Bxg2 17. Kxg2 Rac8 18. Qd2 Rc7 19. Rd1 Rf7
20. b3 h6 21. Rd6 Qf6 22. Qe2 g5 23. R1d4 Qe5 24. Qd2 Qg7 25. Kf1 Re7 26.
a4 Rb7 27. Qd1 Qf7 28. Qf3 Rb8 29. h3 Kg7 30. Kg2 h5 31. h4 g4 32. Qf4 Rb7
33. Qg5+ Kh7 34. Kg1 Rc7 35. b4 Qe8 36. e4 Rg7 37. Qe3 fxe4 38. Rxe4 Qg6
39. Qd4 Rf7 40. Re5 Qb1+ 41. Kg2 Qg6 42. Rg5 Qh6 43. Qe4+ Kh8 44. Qe5+ Qf6
45. Rxh5+ Kg7 46. Rg5+ Kf8 47. Qxf6 Rxf6 48. Rxg4 Ke7 49. Rd2 a5 50. bxa5
bxa5 51. Rg5 Rxc4 52. Rxa5 d5 53. Re2 Rc6 54. Rxd5 1-0

[Event "Liepajas Rokade"]
[Site "Liepaja LAT"]
[Date "2006.08.05"]
[Round "9"]
[White "Malisauskas,V"]
[Black "Dlugy,M"]
[Result "1/2-1/2"]
[WhiteElo "2510"]
[BlackElo "2518"]
[EventDate "2006.08.04"]

1. e4 c6 2. d4 d5 3. Nd2 dxe4 4. Nxe4 Nd7 5. Ng5 Ngf6 6. Bd3 e6 7. Qe2 Bd6
8. N1f3 h6 9. Ne4 Nxe4 10. Qxe4 Qc7 11. Bd2 Nf6 1/2-1/2

[Event "Liepajas Rokade"]
[Site "Liepaja LAT"]
[Date "2006.08.05"]
[Round "10"]
[White "Azmaiparashvili,Z"]
[Black "Neiksans,A"]
[Result "1-0"]
[WhiteElo "2669"]
[BlackElo "2454"]
[EventDate "2006.08.04"]

1. d4 f5 2. Bg5 h6 3. Bh4 g5 4. e3 Nf6 5. Bg3 d6 6. Bd3 Nc6 7. h4 Rg8 8.
hxg5 hxg5 9. d5 Ne5 10. Bxe5 dxe5 11. Bb5+ Bd7 12. Bc4 Bc8 13. Bb5+ Bd7 14.
Be2 g4 15. Nc3 a6 16. Bc4 Bc8 17. Nge2 Qd6 18. Ng3 Bd7 19. Qd3 Rg5 20.
O-O-O O-O-O 21. e4 f4 22. Nf5 Bxf5 23. exf5 Bg7 24. Ne4 Nxe4 25. Qxe4 Rf8
26. Rh7 Rh8 27. Rxh8+ Bxh8 28. Be2 Bf6 29. Qc4 Kb8 30. c3 Qb6 31. Rf1 g3
32. fxg3 Qe3+ 33. Kc2 b5 34. Qd3 Rxg3 35. Bf3 Qxd3+ 36. Kxd3 Ka7 37. a4 Kb6
38. Ra1 Rg8 39. b4 Rd8 40. Kc2 Rh8 41. a5+ Ka7 42. Re1 Rd8 43. Kb3 Rd6 44.
Be4 Rd8 45. Rc1 Kb8 46. c4 bxc4+ 47. Rxc4 Rd6 48. Rc1 Rd8 49. Kc4 Rd6 50.
Kc5 Ka7 51. Rh1 Rd8 52. Kc6 Kb8 53. Rh7 Rd6+ 54. Kc5 Rd8 55. Rh3 Ka7 56.
Rd3 Kb8 57. Rb3 Rd6 58. Rh3 Rd8 59. Bd3 Kb7 60. Rh1 Rf8 61. Be4 Kb8 62. Rb1
Rd8 63. b5 axb5 64. Rxb5+ Ka7 65. Kc6 Ka6 66. Rc5 Rd6+ 67. Kxc7 Ka7 68. Rc6
Rxc6+ 69. dxc6 Ka6 70. Kd7 1-0

[Event "Liepajas Rokade"]
[Site "Liepaja LAT"]
[Date "2006.08.05"]
[Round "10"]
[White "Dlugy,M"]
[Black "Luckans,A"]
[Result "0-1"]
[WhiteElo "2518"]
[BlackElo "2469"]
[EventDate "2006.08.04"]

1. d4 g6 2. e4 Bg7 3. c3 c6 4. Nf3 d5 5. Nbd2 dxe4 6. Nxe4 Nf6 7. Nxf6+
exf6 8. Be2 O-O 9. O-O Be6 10. Be3 Nd7 11. Qc1 Nb6 12. Bh6 Bc4 13. Bxc4
Nxc4 14. Bxg7 Kxg7 15. Re1 Qd7 16. b3 Nd6 17. Qf4 Rfe8 18. h3 h5 19. h4 Nf5
20. Rad1 Rad8 21. g3 a5 22. Kg2 a4 23. Rxe8 Rxe8 24. c4 Re2 25. Rd2 Ne3+
26. Qxe3 Rxe3 27. fxe3 a3 28. d5 cxd5 29. cxd5 Qd6 30. e4 Kf8 31. Nd4 Qe5
32. Nf3 Qxe4 33. Kf2 Qb4 34. d6 Ke8 35. d7+ Kd8 36. Ke2 Qb5+ 37. Rd3 g5 38.
Ke3 Qc5+ 39. Ke2 Qc2+ 40. Rd2 Qe4+ 41. Kf2 Qf5 42. Ke3 Qh3 43. hxg5 fxg5
44. Nxg5 Qxg3+ 45. Nf3 h4 46. Ke4 f5+ 47. Ke3 h3 48. b4 Qg4 49. Rd4 f4+ 50.
Rxf4 Qe6+ 51. Kd4 Qxd7+ 52. Kc3 Qc7+ 53. Rc4 Qg3 54. Rd4+ Kc8 55. Rd3 h2
56. Nxh2 Qxh2 57. Rd2 Qg3+ 58. Kc4 Qe3 59. Rc2 Kb8 60. b5 Ka7 61. Rc3 Qe6+
62. Kb4 Kb6 63. Kxa3 Kxb5 64. Rb3+ Ka6 65. Kb2 Qe2+ 66. Kb1 b5 67. Rc3 Ka5
68. Rb3 Qe4+ 69. Kb2 Qd4+ 70. Kb1 Qd2 71. Ra3+ Kb4 72. Rb3+ Kc4 73. Ra3
Qe1+ 74. Kb2 Qb4+ 75. Rb3 Qd2+ 76. Kb1 b4 77. Ka1 Qc1+ 78. Rb1 Qc3+ 79. Rb2
Kd3 0-1

[Event "Liepajas Rokade"]
[Site "Liepaja LAT"]
[Date "2006.08.05"]
[Round "10"]
[White "Miezis,N"]
[Black "Kanep,M"]
[Result "1-0"]
[WhiteElo "2527"]
[BlackElo "2510"]
[EventDate "2006.08.04"]

1. c4 e6 2. e4 c5 3. Nc3 Nc6 4. g3 Nge7 5. Bg2 g6 6. d3 Bg7 7. h4 O-O 8. h5
d5 9. hxg6 hxg6 10. Qg4 Ne5 11. Qh4 f6 12. Qh7+ Kf7 13. Bh6 Rg8 14. exd5
Nxd3+ 15. Kf1 Nxb2 16. Re1 e5 17. Nf3 Nf5 18. Ne4 Rh8 19. Neg5+ Ke7 20.
Qxg6 Qf8 21. d6+ Kxd6 22. Nf7+ Kc7 23. Nxh8 Nxh6 24. Qc2 Qxh8 25. Qxb2 Qg8
26. Nd2 Rb8 27. Qa3 Qf8 28. Ne4 b6 29. Nc3 a6 30. Nd5+ Kd6 31. Rd1 Ke6 32.
Nc7+ Kf7 33. Bd5+ Ke7 34. Be4 f5 35. Bc6 Kf6 36. Ne8+ Kg6 37. Rd6+ Kh7 38.
Qd3 e4 39. Qd5 Bb7 40. Nxg7 1-0

[Event "Liepajas Rokade"]
[Site "Liepaja LAT"]
[Date "2006.08.06"]
[Round "11"]
[White "Kanep,M"]
[Black "Antoms,G"]
[Result "0-1"]
[WhiteElo "2510"]
[BlackElo "2414"]
[EventDate "2006.08.04"]

1. d4 Nf6 2. Bg5 e6 3. e4 h6 4. Bxf6 Qxf6 5. c3 d5 6. e5 Qd8 7. Nf3 c5 8.
dxc5 Bxc5 9. Bd3 Nc6 10. O-O f5 11. b4 Bb6 12. b5 Nb8 13. c4 dxc4 14. Bxc4
Qxd1 15. Rxd1 g5 16. Nbd2 Ke7 17. Nb3 Nd7 18. Rac1 g4 19. Nh4 Nxe5 20. Re1
Nxc4 21. Rxc4 Kf6 22. Nc5 Bxc5 23. Rxc5 Bd7 24. g3 Rhc8 25. Rce5 Rc2 26.
Ng2 Rac8 27. Nf4 Rc1 28. a4 R8c4 29. a5 Rxe1+ 30. Rxe1 Rc5 31. b6 axb6 32.
axb6 Rb5 33. h3 Rxb6 34. hxg4 fxg4 35. Nd3 Rb5 36. Rc1 Bc6 37. Kf1 Bf3 38.
Nc5 Rb2 39. Nd7+ Kf5 40. Rc5+ Bd5 41. Rc1 b5 42. Re1 b4 43. Re5+ Kg6 44.
Re3 Rc2 45. Ne5+ Kf5 46. Nd3 b3 47. Re5+ Kf6 48. Rh5 Bc4 0-1

[Event "Liepajas Rokade"]
[Site "Liepaja LAT"]
[Date "2006.08.06"]
[Round "11"]
[White "Berzinsh,R"]
[Black "Ehlvest,J"]
[Result "1-0"]
[WhiteElo "2445"]
[BlackElo "2593"]
[EventDate "2006.08.04"]

1. e4 c5 2. Nf3 d6 3. Bc4 Nc6 4. c3 Nf6 5. d3 g6 6. Bb3 Bg7 7. O-O O-O 8.
h3 b6 9. d4 e6 10. Re1 Bb7 11. Bg5 h6 12. Bh4 cxd4 13. cxd4 Rc8 14. Nbd2 g5
15. Bg3 Nh5 16. Bh2 Nf4 17. Bxf4 gxf4 18. e5 dxe5 19. dxe5 b5 20. Qe2 Nd4
21. Nxd4 Qxd4 22. Rad1 Rc5 23. Nc4 f3 24. Rxd4 fxe2 25. Nd6 Bxe5 26. Rg4+
Kh8 27. Nxb7 Rc7 28. Re4 Bxb2 29. R1xe2 Ba3 30. Na5 Rd8 31. g3 Rd6 32. Bc2
Bc5 33. Nb3 Bb6 34. Kg2 a6 35. Rh4 Kg7 36. Be4 f5 37. Bf3 a5 38. a4 b4 39.
Rb2 Rc3 40. Be2 e5 41. Rc4 Rxc4 42. Bxc4 Rc6 43. Bb5 Rc3 44. Nd2 e4 45. Nc4
Bc7 46. Rd2 Kf6 47. Rd7 Bb8 48. Rb7 1-0

[Event "Liepajas Rokade"]
[Site "Liepaja LAT"]
[Date "2006.08.06"]
[Round "11"]
[White "Neiksans,A"]
[Black "Kulaots,K"]
[Result "0-1"]
[WhiteElo "2454"]
[BlackElo "2550"]
[EventDate "2006.08.04"]

1. e4 c5 2. Nf3 d6 3. d4 Nf6 4. Nc3 cxd4 5. Nxd4 a6 6. Be2 e5 7. Nf3 Be7 8.
O-O h6 9. Be3 Be6 10. a4 Nbd7 11. Ne1 Rc8 12. f3 Nb6 13. a5 Nc4 14. Bxc4
Rxc4 15. Nd5 Nxd5 16. exd5 Bf5 17. b3 Rc8 18. c4 O-O 19. Nd3 Re8 20. Bb6
Qd7 21. Nf2 Bg6 22. Qe2 f5 23. Rac1 Bf6 24. Rfe1 Bg5 25. Be3 Bh4 26. Rf1
Kh8 27. Qd2 Kh7 28. Bb6 Re7 29. Be3 Bf6 30. Nd3 Bf7 31. f4 exf4 32. Nxf4 g5
33. Nd3 Rce8 34. Rce1 Rxe3 35. Rxe3 Bd4 36. Rff3 Rxe3 37. Rxe3 Qe7 38. Kf2
f4 39. Nxf4 Qxe3+ 40. Qxe3 Bxe3+ 41. Kxe3 gxf4+ 42. Kxf4 Kg6 43. g4 Kf6 44.
h4 Kg6 45. b4 Kf6 46. g5+ hxg5+ 47. hxg5+ Kg6 48. Ke4 Kxg5 49. c5 Be8 50.
cxd6 Kf6 51. Kd4 Kf5 52. Kc4 Ke5 53. Kc5 Bb5 54. d7 Bxd7 55. Kb6 Kxd5 56.
Kxb7 Bb5 57. Kc7 Kc4 58. Kd6 Kxb4 59. Kd5 Kxa5 60. Kd4 Kb4 0-1

[Event "Liepajas Rokade"]
[Site "Liepaja LAT"]
[Date "2006.08.06"]
[Round "11"]
[White "Malisauskas,V"]
[Black "Miezis,N"]
[Result "0-1"]
[WhiteElo "2510"]
[BlackElo "2527"]
[EventDate "2006.08.04"]

1. e4 c5 2. Nf3 e6 3. d4 cxd4 4. Nxd4 a6 5. Nc3 Qc7 6. g3 Nf6 7. Bg2 Bb4 8.
O-O Nc6 9. Nb3 Be7 10. f4 d6 11. Be3 h5 12. h3 b5 13. a3 Bb7 14. Qe2 Rc8
15. Qf2 Nb8 16. Bb6 Qd7 17. Bd4 Rxc3 18. Bxc3 Nxe4 19. Qe3 f5 20. Nd2 Nxc3
21. Qxc3 Bf6 22. Qb3 Bxg2 23. Kxg2 h4 24. Rae1 Ke7 25. Nf3 hxg3 26. c4 bxc4
27. Qxc4 Rc8 28. Qd3 Rc5 29. b4 Rb5 30. Nd4 Bxd4 31. Qxd4 Kf7 32. Rc1 Nc6
33. Qc4 Ne7 34. Qc7 Qxc7 35. Rxc7 a5 36. Rb1 Kf6 37. a4 Rb8 38. b5 Nd5 39.
Ra7 Nxf4+ 40. Kxg3 g5 41. b6 Ne2+ 42. Kg2 Nc3 43. Rb3 Nxa4 44. Rxa5 Rxb6
45. Rxb6 Nxb6 46. Rb5 Nc4 47. Kg3 f4+ 48. Kg4 Ne5+ 49. Kh5 f3 50. Rb2 d5
51. Rb8 f2 52. Rb1 Kf5 53. Rf1 Nd3 54. Kh6 e5 55. Kg7 e4 56. Kf7 e3 57. Ke7
e2 0-1

[Event "Liepajas Rokade"]
[Site "Liepaja LAT"]
[Date "2006.08.06"]
[Round "12"]
[White "Dlugy,M"]
[Black "Berzinsh,R"]
[Result "1-0"]
[WhiteElo "2518"]
[BlackElo "2445"]
[EventDate "2006.08.04"]

1. d4 Nf6 2. c4 e6 3. Nf3 b6 4. g3 Ba6 5. Qa4 Bb7 6. Bg2 c5 7. dxc5 bxc5 8.
Nc3 Be7 9. O-O O-O 10. Bf4 Qb6 11. Rfd1 Rd8 12. Rd2 Bc6 13. Qc2 Qb7 14. Qb3
Qxb3 15. axb3 d6 16. Rad1 Ne8 17. e4 Nd7 18. e5 dxe5 19. Nxe5 Nxe5 20. Bxe5
Rxd2 21. Rxd2 Bxg2 22. Kxg2 f6 23. Bf4 g5 24. Rd7 Kf8 25. Be3 Rb8 26. Ne4
Rxb3 27. Bxc5 Bxc5 28. Nxc5 Rxb2 29. Nxe6+ Kg8 30. c5 Rc2 31. Rxa7 g4 32.
Re7 f5 33. Rxe8+ Kf7 34. Nd4 1-0

[Event "Liepajas Rokade"]
[Site "Liepaja LAT"]
[Date "2006.08.06"]
[Round "12"]
[White "Antoms,G"]
[Black "Malisauskas,V"]
[Result "0-1"]
[WhiteElo "2414"]
[BlackElo "2510"]
[EventDate "2006.08.04"]

1. e4 c5 2. Nc3 d6 3. f4 Nc6 4. Nf3 g6 5. Bc4 Bg7 6. O-O e6 7. f5 Nf6 8.
Qe1 O-O 9. fxg6 fxg6 10. d3 Na5 11. Qh4 Nxc4 12. dxc4 Qb6 13. Rb1 e5 14.
Bh6 Be6 15. Ng5 Bxc4 16. Bxg7 Kxg7 17. Rxf6 Kxf6 18. Nd5+ Bxd5 19. Rf1+ Ke7
20. Nxh7+ Kd7 21. Nxf8+ Rxf8 22. Rxf8 c4+ 23. Rf2 c3 24. b3 Bc6 25. Qh7+
Kc8 26. Qg8+ Kc7 27. Qf7+ Kc8 28. h4 Qd4 29. Qxg6 Bxe4 30. Qf7 Bxc2 31.
Qc4+ Qxc4 32. bxc4 Bd3 33. h5 c2 34. Rxc2 Bxc2 35. g4 Kd7 36. g5 Ke6 37.
Kf2 Bd3 0-1

[Event "Liepajas Rokade"]
[Site "Liepaja LAT"]
[Date "2006.08.06"]
[Round "13"]
[White "Kanep,M"]
[Black "Neiksans,A"]
[Result "0-1"]
[WhiteElo "2510"]
[BlackElo "2454"]
[EventDate "2006.08.04"]

1. Nf3 f5 2. d3 Nc6 3. e4 e5 4. Nc3 Nf6 5. Bg5 Bb4 6. exf5 d5 7. d4 exd4 8.
Nxd4 O-O 9. Ne6 Bxe6 10. fxe6 Qe8 11. Bd3 d4 12. a3 Ba5 13. b4 Nxb4 14.
axb4 Bxb4 15. O-O Bxc3 16. Bc4 Bxa1 17. e7+ Rf7 18. Qxa1 Qxe7 19. Qxd4 Kh8
20. Bxf7 Qxf7 21. Re1 b6 22. f3 Re8 23. Rd1 Kg8 24. h3 a5 25. Bc1 h6 26.
Bb2 Re7 27. Qf4 Qe6 28. Qg3 Kh7 29. Kh2 Nd5 30. Rd4 Ne3 31. Kg1 Nf5 32. Qf4
Nxd4 33. Bxd4 a4 34. Bb2 b5 35. h4 c5 36. h5 b4 37. Kh2 a3 38. Ba1 Qf7 39.
Qg4 c4 40. Bd4 b3 41. cxb3 cxb3 42. Bc5 Re5 43. Bxa3 Qxh5+ 44. Kg3 Qxg4+
0-1

[Event "Liepajas Rokade"]
[Site "Liepaja LAT"]
[Date "2006.08.06"]
[Round "13"]
[White "Malisauskas,V"]
[Black "Azmaiparashvili,Z"]
[Result "0-1"]
[WhiteElo "2510"]
[BlackElo "2669"]
[EventDate "2006.08.04"]

1. e4 d6 2. d4 g6 3. Nc3 Bg7 4. Nf3 Nf6 5. Be2 Bg4 6. Be3 Nc6 7. d5 Bxf3 8.
Bxf3 Ne5 9. Be2 c6 10. O-O Qa5 11. a4 O-O 12. Ra3 Rfc8 13. Rb3 Rab8 14. Bd2
Qd8 15. Bf4 Ned7 16. Be3 Qa5 17. Bd2 Nc5 18. Ra3 Qb6 19. Be3 Nfd7 20. Qb1
Qb4 21. Bg4 f5 22. Bf3 Ne5 23. Be2 Nxe4 24. Rb3 Qa5 25. Nxe4 fxe4 26. c4
cxd5 27. cxd5 Qxa4 28. Ra3 Qb4 29. Rxa7 Ra8 30. Rxa8 Rxa8 31. Rc1 Nd3 32.
Bxd3 exd3 33. Qxd3 Qxb2 34. g3 Ra1 35. Rxa1 Qxa1+ 36. Kg2 Qa4 37. h4 b5 38.
h5 Qc4 39. Qd1 b4 40. h6 Bf6 41. Qa4 Kf7 42. f3 Qe2+ 0-1